00740nam a22002291 450000100060000000300080000600500170001400800390003103500190007003500190008904000280010804100080013608200180014410000360016224500460019826000600024430000250030449000650032950400360039465000150043083000650044534252BD-RjUL20211209052128.0140514r19611950enk b 001 0 eng a(BD-RjUL)34346 a(OCoLC)4533248 aDLCcNAlUdBD-RjULbeng aeng04a301bLOS 19611 aLowie, Robert Harryd1883-1957.10aSocial organization /cRobert Harry Lowie aLondon :bRoutledge & K. Paul,c1950 [impression 1961]. aix, 465 p. ;c22 cm.1 aInternational library of sociology and social reconstruction aInclude bibliography and index. 0aSociology.1 aInternational library of sociology and social reconstruction